World's Strongest Man Winners - Statistics

General Stats
  • This quiz has been taken 410 times
    367 since last reset
  • The average score is 23 of 44
Answer Stats
Year Answer % Correct
2017 Eddie Hall
92%
2016 Brian Shaw
89%
2015 Brian Shaw
89%
2013 Brian Shaw
89%
2011 Brian Shaw
89%
2018 Hafþór Júlíus Björnsson
79%
2021 Tom Stoltman
74%
2014 Žydrūnas Savickas
63%
2012 Žydrūnas Savickas
63%
2010 Žydrūnas Savickas
63%
2009 Žydrūnas Savickas
63%
1996 Magnús Ver Magnússon
61%
1995 Magnús Ver Magnússon
61%
1994 Magnús Ver Magnússon
61%
1991 Magnús Ver Magnússon
61%
2008 Mariusz Pudzianowski
61%
2007 Mariusz Pudzianowski
61%
2005 Mariusz Pudzianowski
61%
2003 Mariusz Pudzianowski
61%
2002 Mariusz Pudzianowski
61%
2019 Martins Licis
55%
2020 Oleksii Novikov
54%
1982 Bill Kazmaier
49%
1981 Bill Kazmaier
49%
1980 Bill Kazmaier
49%
1985 Geoff Capes
48%
1983 Geoff Capes
48%
1990 Jón Páll Sigmarsson
41%
1988 Jón Páll Sigmarsson
41%
1986 Jón Páll Sigmarsson
41%
1984 Jón Páll Sigmarsson
41%
2006 Phil Pfister
37%
1998 Magnus Samuelsson
33%
1999 Jouko Ahola
30%
1997 Jouko Ahola
30%
2001 Svend Karlsen
30%
1993 Gary Taylor
27%
2004 Vasyl Virastyuk
27%
1989 Jamie Reeves
25%
2000 Janne Virtanen
24%
1978 Bruce Wilhelm
20%
1977 Bruce Wilhelm
20%
1992 Ted van der Parre
20%
1979 Don Reinhoudt
19%
No matching quizzes found
Score Distribution
Percent of People with Each Score
Percentile by Number Answered
Your Score History
You have not taken this quiz since the last reset